Name a stand-up #2 - Statistics

General Stats
  • This quiz has been taken 8 times
  • The average score is 6 of 16
Answer Stats
Picture Answer % Correct
Richard Pryor
100%
Robin Williams
100%
Jerry Seinfeld
86%
Larry the Cable Guy
57%
Rodney Dangerfield
57%
Sarah Silverman
57%
Norm MacDonald
43%
Aziz Ansari
29%
Billy Connolly
29%
Chris d'Elia
14%
Danny Bhoy
14%
Hannibal Buress
14%
Zach Galifianakis
14%
Eddie Griffin
0%
John Pinette
0%
Mark Normand
0%
No matching quizzes found
Score Distribution
Percent of People with Each Score
Percentile by Number Answered
Your Score History
You have not taken this quiz